|
|
|
|
| LEADER |
01061nam a22003132a 4500 |
| 001 |
001914526 |
| 003 |
CZ BrMZK |
| 005 |
20241106072015.0 |
| 007 |
ta |
| 008 |
241105s1993 xr er 000 0 cze d |
| 015 |
|
|
|a cnb001164320
|
| 020 |
|
|
|a 80-900948-7-2
|q (brož.)
|
| 040 |
|
|
|a ABD027
|b cze
|c ABD027
|d BOA001
|
| 100 |
1 |
|
|a Lochman, Jan Milič,
|d 1922-2004
|7 jk01072337
|4 aut
|
| 245 |
1 |
0 |
|a K pramenům svobody /
|c Jan Milíč Lochman
|
| 246 |
1 |
|
|i Obálkový podnázev:
|a Z očí do očí
|
| 246 |
1 |
|
|i Obálkový podnázev:
|a Masarykův odkaz
|
| 250 |
|
|
|a Vyd. 1.
|
| 260 |
|
|
|a Brno :
|b Javor,
|c 1993
|
| 300 |
|
|
|a 31 s. ;
|c 21 cm
|
| 500 |
|
|
|a Vydáno pro YMCA v České republice
|
| 600 |
1 |
7 |
|a Masaryk, Tomáš Garrigue,
|d 1850-1937
|7 jk01080472
|2 czenas
|
| 650 |
0 |
4 |
|a rozhovory
|
| 650 |
0 |
4 |
|a přednášky
|
| 710 |
2 |
|
|a Křesťanské sdružení mladých lidí (YMCA)
|7 ko2004219523
|4 isb
|
| 910 |
|
|
|a BOA001
|b X-1533.967
|
| 990 |
|
|
|a BK
|
| 991 |
|
|
|b 202410
|
| 996 |
6 |
|
|b 2610985184
|c X-1533.967
|l MZK
|r Sklad / do 24 hodin
|n 0
|p dar
|w 001983662
|u 000010
|a 1
|e BOA001
|j MZK50
|s P
|